Nástroj pre výuku algoritmov prechádzania stromom

Salvato in:
Dettagli Bibliografici
Autore principale: Stacho, Martin (Autore)
Altri autori: Eliáš, Michal (Relatore della tesi)
Natura: Manoscritto Libro
Lingua:slovacco
Pubblicazione: 2015
Soggetti:
Accesso online:http://is.stuba.sk/zp/portal_zp.pl?podrobnosti=96210
Tags: Aggiungi Tag
Nessun Tag, puoi essere il primo ad aggiungerne!!

MARC

LEADER 00000ntm a22000003a 4500
001 stuzp50614
003 SK-STU
005 20160719153616.7
007 ta
008 150427s2015----xo-----f-mn---000-0-slo-d
040 |a STU  |b slo 
041 0 |a slo 
100 1 |a Stacho, Martin  |u 066000  |4 aut  |U MTF Materiálovotechnologická fakulta  |T MTF Ústav aplikovanej informatiky, automatizácie a mechatroniky  |X 46854  |U M6000  |Y 86  |7 46854 
242 0 1 |a A tool for teaching tree traversal algorithms  |y eng 
245 1 0 |a Nástroj pre výuku algoritmov prechádzania stromom 
260 |c 2015 
650 4 |a algoritmus  |2 slo 
650 4 |a prechod do hĺbky  |2 slo 
650 4 |a prechod do šírky  |2 slo 
650 4 |a vykresľovanie  |2 slo 
650 4 |a stromová štruktúra  |2 slo 
650 4 |a algorithm  |2 eng 
650 4 |a depth-first traversal  |2 eng 
650 4 |a tree structure  |2 eng 
650 4 |a breadth-first traversal  |2 eng 
650 4 |a drawing  |2 eng 
700 1 |a Eliáš, Michal  |4 ths  |X 2874  |7 A000002874 
856 4 |u http://is.stuba.sk/zp/portal_zp.pl?podrobnosti=96210 
996 |c M* BP-7123  |l MMSKP  |s P  |a 0  |w stuzp50614_0001 
SQL |a stuzp50614  |b DBP  |c SLO  |d Nástroj pre výuku algoritmov prechádzania stromom  |e 46854  |f Stacho, Martin  |g 066000  |h 2874  |i Eliáš, Michal  |j 20150625  |k 168  |l 06  |m http://is.stuba.sk/zp/portal_zp.pl?podrobnosti=96210  |n B-AIA  |o 5.2.14. automatizácia, 9.2.9. aplikovaná informatika